000 00562nmm a2200169Ia 4500
008 251105s9999||||xx |||||||||||||||||und||
020 _a9788481028065
041 _aspa
100 _aSerrano Bravo, Pedro
245 0 _aEscuela Técnica Superior de ingenieros de caminos, canales y puertos de Santander: 50 años (1966-2016)
264 _a[Madrid, España] :
_bEdiciones Universidad de Cantabria,
_c2017
300 _a408 páginas
490 _aFlorilogio
650 _aEngineering
856 _uhttps://public.digitaliapublishing.com/a/49678
942 _cCF
999 _c85751
_d85751